Statistics for World Cities: Bridges

Click here to take the quiz!

General Stats

  • This quiz has been taken 119 times
  • The average score is 11 of 15

Answer Stats

Answer% Correct
London
100%
New York City
100%
San Francisco
100%
Venice
97%
Sydney
92%
Paris
90%
Copenhagen / Mälmo
78%
Florence
78%
Lisbon
77%
Budapest
66%
Shanghai
61%
Philadelphia
52%
Porto
43%
Kobe
29%
Maracaibo
8%

Score Distribution

Percentile by Number Answered

Percent of People with Each Score

Your Score History

You have not taken this quiz